<?xml version="1.0" encoding="UTF-8"?>
<record
    xmlns:xsi="http://www.w3.org/2001/XMLSchema-instance"
    xsi:schemaLocation="http://www.loc.gov/MARC21/slim http://www.loc.gov/standards/marcxml/schema/MARC21slim.xsd"
    xmlns="http://www.loc.gov/MARC21/slim">

  <leader>00678nam a22001577a 4500</leader>
  <controlfield tag="003">OSt</controlfield>
  <controlfield tag="005">20180704150625.0</controlfield>
  <controlfield tag="008">180704b        xxu||||| |||| 00| 0 eng d</controlfield>
  <datafield tag="040" ind1=" " ind2=" ">
    <subfield code="c">RUA</subfield>
  </datafield>
  <datafield tag="082" ind1=" " ind2=" ">
    <subfield code="a">AGR HAN 2017 B601 Or.1</subfield>
  </datafield>
  <datafield tag="100" ind1=" " ind2=" ">
    <subfield code="9">12842</subfield>
    <subfield code="a">HAN SOCHEAT,&#x17A0;&#x17B6;&#x1793; &#x179F;&#x17BB;&#x1787;&#x17B6;&#x178F;&#x17B7;</subfield>
  </datafield>
  <datafield tag="245" ind1=" " ind2=" ">
    <subfield code="a">effect of conservation agriculture system on soil aggregate associated organic carbon ,&#x17A5;&#x1791;&#x17B7;&#x17D2;&#x1792;&#x1796;&#x179B;&#x1793;&#x17C3;&#x1794;&#x17D2;&#x179A;&#x1796;&#x17D0;&#x1793;&#x17D2;&#x1792;&#x1780;&#x179F;&#x17B7;&#x1780;&#x1798;&#x17D2;&#x1798;&#x17A2;&#x1797;&#x17B7;&#x179A;&#x1780;&#x17D2;&#x179F;&#x179B;&#x17BE;&#x1780;&#x17B6;&#x1794;&#x17BC;&#x1793;&#x179F;&#x179A;&#x17B8;&#x179A;&#x17B6;&#x1784;&#x17D2;&#x1782;&#x1780;&#x17D2;&#x1793;&#x17BB;&#x1784;&#x17A2;&#x17B6;&#x17A0;&#x17D2;&#x179A;&#x17D2;&#x1782;&#x17B8;&#x17A0;&#x17D2;&#x1782;&#x17C1;&#x178F;&#x178A;&#x17B8;</subfield>
  </datafield>
  <datafield tag="260" ind1=" " ind2=" ">
    <subfield code="a">phnom penh</subfield>
    <subfield code="b">RUA</subfield>
    <subfield code="c">2017</subfield>
  </datafield>
  <datafield tag="300" ind1=" " ind2=" ">
    <subfield code="a">ix;28p;</subfield>
    <subfield code="b">ill;</subfield>
    <subfield code="c">29cm;</subfield>
  </datafield>
  <datafield tag="942" ind1=" " ind2=" ">
    <subfield code="2">ddc</subfield>
    <subfield code="c">AGR</subfield>
  </datafield>
  <datafield tag="999" ind1=" " ind2=" ">
    <subfield code="c">16926</subfield>
    <subfield code="d">16926</subfield>
  </datafield>
  <datafield tag="952" ind1=" " ind2=" ">
    <subfield code="0">0</subfield>
    <subfield code="1">0</subfield>
    <subfield code="2">ddc</subfield>
    <subfield code="4">0</subfield>
    <subfield code="6">AGR_HAN_2017_000000000000000_B601_OR_1</subfield>
    <subfield code="7">0</subfield>
    <subfield code="9">72789</subfield>
    <subfield code="a">LBB</subfield>
    <subfield code="b">LBB</subfield>
    <subfield code="c">B601</subfield>
    <subfield code="d">2018-07-04</subfield>
    <subfield code="l">3</subfield>
    <subfield code="o">AGR HAN 2017 B601 Or.1</subfield>
    <subfield code="p">A31173</subfield>
    <subfield code="r">2019-12-25</subfield>
    <subfield code="s">2019-12-13</subfield>
    <subfield code="w">2018-07-04</subfield>
    <subfield code="y">AGR</subfield>
  </datafield>
  <datafield tag="952" ind1=" " ind2=" ">
    <subfield code="0">0</subfield>
    <subfield code="1">0</subfield>
    <subfield code="2">ddc</subfield>
    <subfield code="4">0</subfield>
    <subfield code="6">AGR_HAN_2017_000000000000000_B601_OR_2</subfield>
    <subfield code="7">0</subfield>
    <subfield code="9">72790</subfield>
    <subfield code="a">LBB</subfield>
    <subfield code="b">LBB</subfield>
    <subfield code="c">B601</subfield>
    <subfield code="d">2018-07-04</subfield>
    <subfield code="l">2</subfield>
    <subfield code="o">AGR HAN 2017 B601 Or.2</subfield>
    <subfield code="p">A32244</subfield>
    <subfield code="r">2025-02-04</subfield>
    <subfield code="s">2025-01-17</subfield>
    <subfield code="w">2018-07-04</subfield>
    <subfield code="y">AGR</subfield>
  </datafield>
  <datafield tag="952" ind1=" " ind2=" ">
    <subfield code="0">0</subfield>
    <subfield code="1">0</subfield>
    <subfield code="2">ddc</subfield>
    <subfield code="4">0</subfield>
    <subfield code="6">AGR_HAN_2017_000000000000000_B601_OR_3</subfield>
    <subfield code="7">0</subfield>
    <subfield code="9">72791</subfield>
    <subfield code="a">LBB</subfield>
    <subfield code="b">LBB</subfield>
    <subfield code="c">B601</subfield>
    <subfield code="d">2018-07-04</subfield>
    <subfield code="l">2</subfield>
    <subfield code="o">AGR HAN 2017 B601 Or.3</subfield>
    <subfield code="p">A31129</subfield>
    <subfield code="r">2022-11-04</subfield>
    <subfield code="s">2022-10-25</subfield>
    <subfield code="w">2018-07-04</subfield>
    <subfield code="y">AGR</subfield>
  </datafield>
  <datafield tag="952" ind1=" " ind2=" ">
    <subfield code="0">0</subfield>
    <subfield code="1">0</subfield>
    <subfield code="2">ddc</subfield>
    <subfield code="4">0</subfield>
    <subfield code="6">AGR_HAN_2017_000000000000000_B601_OR_4</subfield>
    <subfield code="7">0</subfield>
    <subfield code="9">72792</subfield>
    <subfield code="a">LBB</subfield>
    <subfield code="b">LBB</subfield>
    <subfield code="c">B601</subfield>
    <subfield code="d">2018-07-04</subfield>
    <subfield code="l">6</subfield>
    <subfield code="o">AGR HAN 2017 B601 Or.4</subfield>
    <subfield code="p">A31630</subfield>
    <subfield code="r">2023-07-06</subfield>
    <subfield code="s">2023-06-14</subfield>
    <subfield code="w">2018-07-04</subfield>
    <subfield code="y">AGR</subfield>
  </datafield>
  <datafield tag="952" ind1=" " ind2=" ">
    <subfield code="0">0</subfield>
    <subfield code="1">0</subfield>
    <subfield code="2">ddc</subfield>
    <subfield code="4">0</subfield>
    <subfield code="6">AGR_HAN_2017_000000000000000_B601_OR_5</subfield>
    <subfield code="7">0</subfield>
    <subfield code="9">72793</subfield>
    <subfield code="a">LBB</subfield>
    <subfield code="b">LBB</subfield>
    <subfield code="c">B601</subfield>
    <subfield code="d">2018-07-04</subfield>
    <subfield code="l">4</subfield>
    <subfield code="o">AGR HAN 2017 B601 Or.5</subfield>
    <subfield code="p">A31119</subfield>
    <subfield code="r">2024-02-05</subfield>
    <subfield code="s">2023-09-12</subfield>
    <subfield code="w">2018-07-04</subfield>
    <subfield code="y">AGR</subfield>
  </datafield>
  <datafield tag="952" ind1=" " ind2=" ">
    <subfield code="0">0</subfield>
    <subfield code="1">0</subfield>
    <subfield code="2">ddc</subfield>
    <subfield code="4">0</subfield>
    <subfield code="6">AGR_HAN_2017_000000000000000_B601_OR_6</subfield>
    <subfield code="7">0</subfield>
    <subfield code="9">72794</subfield>
    <subfield code="a">LBB</subfield>
    <subfield code="b">LBB</subfield>
    <subfield code="c">B601</subfield>
    <subfield code="d">2018-07-04</subfield>
    <subfield code="l">1</subfield>
    <subfield code="o">AGR HAN 2017 B601 Or.6</subfield>
    <subfield code="p">A31650</subfield>
    <subfield code="r">2019-12-25</subfield>
    <subfield code="s">2019-12-11</subfield>
    <subfield code="w">2018-07-04</subfield>
    <subfield code="y">AGR</subfield>
  </datafield>
  <datafield tag="952" ind1=" " ind2=" ">
    <subfield code="0">0</subfield>
    <subfield code="1">0</subfield>
    <subfield code="2">ddc</subfield>
    <subfield code="4">0</subfield>
    <subfield code="6">AGR_HAN_2017_000000000000000_B601_OR_7</subfield>
    <subfield code="7">0</subfield>
    <subfield code="9">72795</subfield>
    <subfield code="a">LBB</subfield>
    <subfield code="b">LBB</subfield>
    <subfield code="c">B601</subfield>
    <subfield code="d">2018-07-04</subfield>
    <subfield code="l">3</subfield>
    <subfield code="o">AGR HAN 2017 B601 Or.7</subfield>
    <subfield code="p">A31388</subfield>
    <subfield code="r">2024-07-31</subfield>
    <subfield code="s">2024-07-24</subfield>
    <subfield code="w">2018-07-04</subfield>
    <subfield code="y">AGR</subfield>
  </datafield>
  <datafield tag="952" ind1=" " ind2=" ">
    <subfield code="0">0</subfield>
    <subfield code="1">0</subfield>
    <subfield code="2">ddc</subfield>
    <subfield code="4">0</subfield>
    <subfield code="6">AGR_HAN_2017_000000000000000_B601_OR_8</subfield>
    <subfield code="7">0</subfield>
    <subfield code="9">72796</subfield>
    <subfield code="a">LBB</subfield>
    <subfield code="b">LBB</subfield>
    <subfield code="c">B601</subfield>
    <subfield code="d">2018-07-04</subfield>
    <subfield code="l">3</subfield>
    <subfield code="o">AGR HAN 2017 B601 Or.8</subfield>
    <subfield code="p">A31502</subfield>
    <subfield code="r">2020-05-12</subfield>
    <subfield code="s">2020-03-06</subfield>
    <subfield code="w">2018-07-04</subfield>
    <subfield code="y">AGR</subfield>
  </datafield>
</record>
